书目信息 |
| 题名: |
16毫米电影放映设备
|
|
| 作者: | 中国电影公司 编 | |
| 分册: | 上册 | |
| 出版信息: | 北京 科学出版社 1978.5 |
|
| 页数: | 361页 | |
| 开本: | 20cm | |
| 丛书名: | ||
| 单 册: | ||
| 中图分类: | TB857 | |
| 科图分类: | ||
| 主题词: | 摄影--机具 , 摄影--设备 | |
| 电子资源: | ||
| ISBN: | ||
| 000 | 00575nam0 2200193 45 | |
| 001 | 0312221749 | |
| 005 | 20060805092148.68 | |
| 010 | @dCNY0.90 | |
| 100 | @a20031222d1978 km y0chiy0120 ea | |
| 101 | @achi | |
| 200 | 1 | @a16毫米电影放映设备@h上册@A16 Hao Mi Dian Ying Fang Ying She Bei@f中国电影公司编@FZhong Guo Dian Ying Gong Si Bian@e电影放映技术 |
| 210 | @a北京@c科学出版社@d1978.5 | |
| 215 | @a361页@d20cm | |
| 606 | 0 | @a摄影@x机具 |
| 606 | 0 | @a摄影@x设备 |
| 690 | @aTB857@v3 | |
| 701 | 0 | @a中国电影公司@4编 |
| 801 | @aCN@bTSTCL@c20060805 | |
| 905 | @dTB857@e18:1@f1@b34012 | |
| 16毫米电影放映设备.上册/中国电影公司编:电影放映技术.-北京:科学出版社,1978.5 |
| 361页;20cm |
| ISBN :CNY0.90 |
| ● |
| 相关链接 |
|
|
|
|
正题名:16毫米电影放映设备
索取号:TB857/18:1
 
预约/预借
| 序号 | 登录号 | 条形码 | 馆藏地/架位号 | 状态 | 备注 |
| 1 | 0034012 | 001359586 | 密集书库/ [索取号:TB857/18:1] | 在馆 | |
| 2 | 0159992 | 001359595 | 第二样本阅览室/ [索取号:TB857/18:1] | 在馆 | |
| 3 | 0439397 | 204393977 | 密集书库/ [索取号:TB857/18:1] | 在馆 | |
| 4 | 0444736 | 204447367 | 密集书库/ [索取号:TB857/18:1] | 在馆 |